Statistics for Rock Werchter 2023 - Line Up

Click here to take the quiz!

General Stats

  • This quiz has been taken 3 times
  • The average score is 35 of 99

Answer Stats

RW23% Correct
Queens of the Stone Age
100%
Arctic Monkeys
67%
CMAT
67%
Compact Disk Dummies
67%
Editors
67%
Fred Again..
67%
Iggy Pop
67%
Inhaler
67%
Kasabian
67%
Lil Nas X
67%
Merol
67%
Muse
67%
Red Hot Chili Peppers
67%
Sam Fender
67%
Stone
67%
Stormzy
67%
Stromae
67%
The Black Keys
67%
Warhaus
67%
Weyes Blood
67%
Zwangere Guy
67%
Adekunle Gold
33%
Amenra
33%
Anna Calvi
33%
Aurora
33%
Baby Queen
33%
Bear's Den
33%
Ben Howard
33%
Black Box Revelation
33%
blackwave.
33%
Cavetown
33%
Christine and the Queens
33%
City and Colour
33%
Dean Lewis
33%
Dermot Kennedy
33%
Dope Lemon
33%
Ethan Bortnick
33%
Fever Ray
33%
Gabriels
33%
Gayle
33%
Hot Milk
33%
Interpol
33%
Jacob Collier
33%
J.I.D
33%
King Princess
33%
Liam Gallagher
33%
Lil Lotus
33%
Lovejoy
33%
Machine Gun Kelly
33%
Mayorga
33%
Mimi Webb
33%
Nova Twins
33%
Oscar and the Wolf
33%
Paolo Nutini
33%
Picture This
33%
Pip Millet
33%
PUP
33%
Puscifer
33%
Raye
33%
Rosalia
33%
Röyskopp
33%
Rüfüs Du Sol
33%
Sigur Ros
33%
Sofi Tukker
33%
Sons
33%
Spoon
33%
Squid
33%
Tamino
33%
The 1975
33%
The Driver Era
33%
The Haunted Youth
33%
The HU
33%
The Interrupters
33%
The Lumineers
33%
The Mary Wallopers
33%
The Opposites
33%
The Reytons
33%
Touché Amoré
33%
Viagra Boys
33%
Wardruna
33%
Xavier Rudd
33%
XINK
33%
Ashniko
0%
Billy Nomates
0%
Body Type
0%
Danielle Ponder
0%
Dead Poet Society
0%
Destroy Boys
0%
Hideous
0%
Holly Humberstone
0%
Just Mustard
0%
Kelsy Karter & The Heroines
0%
Nathaniel Rateliff & The Night Sweats
0%
Portland
0%
Slowthai
0%
The Murder Capital
0%
The Snuts
0%
The Teskey Brothers
0%
Vintage Trouble
0%

Score Distribution

Percentile by Number Answered

Percent of People with Each Score

Your Score History

You have not taken this quiz